রাষ্ট্রবিজ্ঞান তত্ত্ব ও নীতিমালা / (Record no. 37921)
[ view plain ]
| 000 -LEADER | |
|---|---|
| fixed length control field | 00921nam a2200229 a 4500 |
| 001 - CONTROL NUMBER | |
| control field | 37921 |
| 003 - CONTROL NUMBER IDENTIFIER | |
| rucl marc code | BD-RjUL |
| 005 - DATE AND TIME OF LATEST TRANSACTION | |
| control field | 20211209052704.0 |
| 008 - FIXED-LENGTH DATA ELEMENTS--GENERAL INFORMATION | |
| fixed length control field | 150811s2000 bg ||||| |||| 00| 0 ben d |
| 035 ## - SYSTEM CONTROL NUMBER | |
| System control number | (BD-RjUL)38026 |
| 040 ## - CATALOGING SOURCE | |
| Original cataloging agency | BD-RjUL |
| Language of cataloging | eng |
| Transcribing agency | BD-RjUL |
| 041 ## - LANGUAGE CODE | |
| Language code of text/sound track or separate title | eng |
| 082 ## - DEWEY DECIMAL CLASSIFICATION NUMBER | |
| Edition number | 23 |
| Classification number | 320 |
| Author mark and year | ROR 2000 |
| 100 ## - MAIN ENTRY--PERSONAL NAME | |
| Personal name | রহমান, মোঃ মকসুদুর |
| 9 (RLIN) | 117128 |
| 245 ## - TITLE STATEMENT | |
| Title | রাষ্ট্রবিজ্ঞান তত্ত্ব ও নীতিমালা / |
| Statement of responsibility, etc. | মোঃ মকসুদুর রহমান |
| 250 ## - EDITION STATEMENT | |
| Edition statement | ২য় সং. |
| 260 ## - PUBLICATION, DISTRIBUTION, ETC. (IMPRINT) | |
| Place of publication, distribution, etc. | রাজশাহী : |
| Name of publisher, distributor, etc. | বুকস্ প্যাভিলিয়ান, |
| Date of publication, distribution, etc. | ২০০০ |
| 300 ## - PHYSICAL DESCRIPTION | |
| Pagination | ৫৯১ বিভিন্ন পৃষ্ঠা সম্বলিত ; |
| Size | ২১ সেমি. |
| 650 ## - SUBJECT ADDED ENTRY--TOPICAL TERM | |
| Topical term or geographic name as entry element | রাষ্ট্রবিজ্ঞান |
| 9 (RLIN) | 117129 |
| Topical term or geographic name as entry element | Political science |
| 9 (RLIN) | 116590 |
| 942 ## - ADDED ENTRY ELEMENTS (KOHA) | |
| Source of classification or shelving scheme | Dewey Decimal Classification |
| Koha item type | Books |
| Lost status | Source of classification or shelving scheme | Damaged status | Not for loan | Collection code | Permanent Location | Current Location | Shelving location | Date acquired | Source of acquisition | Cost, normal purchase price | Total Checkouts | Total Renewals | Full call number | Date last seen | Date checked out | Copy number | Koha item type |
|---|---|---|---|---|---|---|---|---|---|---|---|---|---|---|---|---|---|
| Dewey Decimal Classification | Non-fiction | Central Library, University of Rajshahi | Central Library, University of Rajshahi | 20/12/2000 | রাষ্ট্রবিজ্ঞান বিভাগ, রা.বি. | 200.00 | 40 | 4 | B 320 ROR 2000 | 21/09/2025 | 21/08/2025 | C-2 | Books | ||||
| Dewey Decimal Classification | Not For Loan | Non-fiction | Central Library, University of Rajshahi | Central Library, University of Rajshahi | Reading Room | 22/12/2000 | Mokosudur Rahman, | 200.00 | B 320 ROR 2000 | 18/12/2016 | C-1 | Books |